| 000 | 00481cam a2200193ua 4500 | ||
|---|---|---|---|
| 001 | 235 | ||
| 008 | 110325n ii |||gr||||Z||||||eng | ||
| 020 | _a81-85076-48-0 | ||
| 040 | _cMAIN | ||
| 082 | _a304.6 | ||
| 245 |
_aPopulation settlements developement and planning. _cBy K.M. Lal. |
||
| 250 | _a1st. | ||
| 260 |
_aAllahabad.: _bChugh publications.,988. |
||
| 300 | _axii, 234 p.:5 cm. | ||
| 653 | _aSociology. | ||
| 653 | _aPopulation. | ||
| 700 | 1 | _aLal, K.M., | |
| 942 | _cBK | ||
| 999 |
_c201 _d201 |
||